000 01014nmm a2200313 a 4500
001 ocm0001864516
003 TR-IsHL
005 20201028171452.0
008 180315s2017 tu tur
007 cr cn
020 _a9789752475335
035 _a1864516
_b(N$T)
050 0 4 _aDS51.K98
_bD46 2017
090 0 4 _aDS51.K98
_bD46 2017
100 1 _aDemircan, Ahmet
245 1 0 _aİlk nüfus sayımında Dağardı kazâsı
_h[electronic resource] /
_cAhmet Demircan
250 _aBirinci basım
260 _aKonya :
_bEğitim Yayınevi,
_c2017
300 _a103 p.
500 _aKaynakça var.
_x
650 4 _aTarih
650 4 _aHistory
650 0 _aKütahya (Türkiye)
_x Tarih
650 0 _aKütahya (Turkey)
_x History
650 0 _aDağardı (Kütahya, Türkiye)
650 0 _aDağardı (Kütahya, Turkey)
650 7 _aHISTORY / Middle East / Turkey & Ottoman Empire
_2bisacsh
856 4 0 _uhttp://search.ebscohost.com/login.aspx?direct=true&scope=site&db=e011xww&AN=1864516
999 _c16718
_d16718